00306pab a2200121 454500008004000000100001800040245004800058260000900106300001600115362001100131650000800142773003400150180718b2005 xxu||||| |||| 00| 0 eng d aPetras, James aThe meaning of war: a heterodox perspective c2005 ap.4166-177. a17 Sep aWar aEconomic and Political Weekly